000 00500nam a2200181Ia 4500
001 9419
005 20260306161717.0
008 260306t2021||||xx |||||||||||||| ||spa||
041 _aESP
082 _a378.85
_bS94
110 _aSuperintendencia Nacional de Educación Superior Universitaria
245 0 _aIII informe bienal sobre la realidad universitaria en el Perú
260 _c2021
300 _axvi, 295 páginas :
_c29 cm.
650 _aGEN
654 _aCED
942 _cLIB
_dJUS
_fJUS
_2ddc
_n
999 _c9419
_d9419